LEADER 01037nam0-2200349li-450- 001 990000244570203316 010 $a1-57146-036-5 035 $a0024457 035 $aUSA010024457 035 $a(ALEPH)000024457USA01 035 $a0024457 100 $a20001109d1996----km-y0itay0103----ba 101 0 $aeng 102 $aUS 200 1 $aBasic partial differential equations$fDavid Bleecker and George Csordas 210 $aCambridge$cInternational Press$dcopyr. 1996 215 $a735 p.$cill.$d26 cm 315 $aaltro genere 610 1 $aequazioni differenziali 676 $a515353$9Equazioni differenziali parziali 700 1$aBleecker,$bDavid 702 1$aCsordas,$bGeorge 801 $aSistema bibliotecario di Ateneo dell' Universit? di Salerno$gRICA 912 $a990000244570203316 951 $a515.353 BLE$b0024531 959 $aBK 969 $aSCI 979 $c19990111 979 $c20001110$lUSA01$h1715 979 $c20020403$lUSA01$h1632 979 $aPATRY$b90$c20040406$lUSA01$h1618 997 $aUNISA LEADER 01412nam2 22003253i 450 001 CAG0060886 005 20170908093245.0 100 $a20150209d1968 ||||0itac50 ba 101 | $aita 102 $ait 181 1$6z01$ai $bxxxe 182 1$6z01$an 200 1 $a˜Il œproblema della domanda$fscritti di E. Castelli ... [et al.] 210 $aPadova$cCEDAM$d1968 215 $a174 p.$d25 cm. 311 $aN. 1, 1968$9CFI0345702 461 0$1001CFI0345702$12001 $aArchivio di filosofia$eorgano della Società filosofica italiana$v1(1968) 606 $aEpistemologia$2FIR$3NAPC000355$9I 676 $a121$9GNOSEOLOGIA (TEORIA DELLA CONOSCENZA)$v14 702 1$aCastelli$b, Enrico$f <1900-1977>$3CFIV211195 790 1$aCastelli Gattinara di Zubiena$b, Enrico$f <1900-1977>$3CFIV238647$zCastelli, Enrico <1900-1977> 790 1$aCastelli$b, E.$3SBNV037073$zCastelli, Enrico <1900-1977> 801 3$aIT$bIT-NA0079$c20150209 850 $aIT-CE0068$aIT-NA0228 912 $aCAG0060886 950 2$aBiblioteca comunale G. Parente$d CPFM 121 PAC$e CP 0000045945 B $fT $h20150209$i20150209 950 2$aBiblioteca Domenicana$b1 v.$c1 v.$d DOCAVEAU N 774$e DO 0000040095 B 1 v.$fT $h20150521$i20150521 977 $a CP$a DO 996 $aProblema della domanda$9164495 997 $aUNISANNIO